Statická a dynamická analýza valcových nádrží

Enregistré dans:
Détails bibliographiques
Auteur principal: Baláž, Ľubomír (Auteur)
Autres auteurs: Jendželovský, Norbert (Directeur de thèse)
Format: Manuscrit Livre
Langue:slovaque
Publié: 2016
Sujets:
Accès en ligne:http://is.stuba.sk/zp/portal_zp.pl?podrobnosti=102417
Tags: Ajouter un tag
Pas de tags, Soyez le premier à ajouter un tag!

MARC

LEADER 00000ntm a22000003a 4500
001 stuzp35766
003 SK-STU
005 20160827210155.0
007 ta
008 150427s2015----xo-----f-mn---000-0-slo-d
040 |a STU  |b slo 
041 0 |a slo 
100 1 |a Baláž, Ľubomír  |u 010250  |k Z3  |4 aut  |U SvF Stavebná fakulta  |T SvF Katedra stavebnej mechaniky  |X 39093  |U V250  |Y 26  |7 A000039093 
242 0 1 |a Static and Dynamic Analysis of Cylindrical Tanks  |y eng 
245 1 0 |a Statická a dynamická analýza valcových nádrží 
260 |c 2016 
650 4 |a valcová nádrž  |2 slo 
650 4 |a statické a dynamické zaťaženie  |2 slo 
650 4 |a analýza  |2 slo 
650 4 |a Cylindrical Tank  |2 eng 
650 4 |a Static and Dynamic Load  |2 eng 
650 4 |a Analysis  |2 eng 
700 1 |a Jendželovský, Norbert  |u 010250  |k Z1  |4 ths  |U SvF Stavebná fakulta  |T SvF Katedra stavebnej mechaniky  |X 880  |U V250  |Y 26  |7 A000000880 
856 4 |u http://is.stuba.sk/zp/portal_zp.pl?podrobnosti=102417 
996 |b 284V041384  |c V* 3349/DP-1279  |l VVS  |s P  |a 0  |w stuzp35766_0001